| 000 | 00798nas a2200253 4500 | ||
|---|---|---|---|
| 001 | BR2011001753 | ||
| 003 | BR-BrBNA | ||
| 005 | 20231205114535.0 | ||
| 007 | ta | ||
| 008 | 230509b bl.|||p| |||| 00| 00por d | ||
| 040 |
_aBR-BrBNA _bpor _cBiblioteca Nacional de Agricultura |
||
| 041 | _a(En) | ||
| 072 | _aF60 | ||
| 100 | 1 | _aAzevedo, M.C.B. de | |
| 100 | 1 | _aChopart, J.L. | |
| 100 | 1 | _aMedina, C. de C. | |
| 245 | 1 | _aSugarcane root lenght density and distribution from root interrsection counting on a trench-profile | |
| 650 | _aCANA DE AÇUCAR | ||
| 650 | _aÁREA FOLIAR | ||
| 650 | _aSISTEMA RADICULAR | ||
| 773 | 0 |
_tScientia Agricola (Brazil) _xISSN 0103-9016 _g(Jan-Feb 2011), v. 68(1) p. 94-101 _wBR2011001753 |
|
| 909 |
_a202311 _bLúcia _c55 _dLúcia Elande |
||
| 942 |
_2AGRIS _n0 _cANA |
||
| 999 |
_c209237 _d209237 |
||